• 首页
  • 本馆介绍
  • 公告通知
  • 最新文献
  • 馆藏检索
  • 电子资源
  • 读者导购
  • 参考咨询
  • 我的图书馆
  • 登录
  • 详细信息显示
  • 放入我的书架
  • 预约/预借图书
  • 作者相关作品
  • 分类相关作品
  • 丛书相关作品
  • 出版社相关作品

书目信息

  • 表格格式
  • 工作单格式
  • 卡片格式
题名:
自将磨洗认前朝
    
 
作者: 江上渔者 著
分册:  
出版信息: 长春   吉林出版集团有限责任公司  2010.6
页数: 263页
开本: 24cm
丛书名:
单 册:
中图分类: I222.72
科图分类:
主题词: 咏史诗--中国--选集 , 咏史诗
电子资源:
ISBN: 978-7-5463-3027-3
000 01030nam0 2200253 45
001 515
005 20120601084959.29
010    @a978-7-5463-3027-3@dCNY29.80
100    @a20120328d2010 em y0chiy0110 ea
101 0  @achi
102    @aCN@b220000
105    @ac z 000gy
106    @ar
200 1  @a自将磨洗认前朝@AZi Jiang Mo Xi Ren Qian Chao@e古典诗词中的历史风云@EGu Dian Shi Ci Zhong De Li Shi Feng Yun@f江上渔者著@FJiang Shang Yu Zhe Zhu
210    @a长春@c吉林出版集团有限责任公司@d2010.6
215    @a263页@c画像@d24cm
330    @a本书选取历代咏史诗,将一幕幕尘封的历史往事加以打捞、梳理,用现代人的视角、现代人的语言,以诗说史,以史证诗。本书共分为六辑:圣主与昏君;文臣众生相;名将恨不阵前亡;义士的千古悲歌;远去的鼓角争鸣;凋零的红颜。
517 1  @a古典诗词中的历史风云@AGu Dian Shi Ci Zhong De Li Shi Feng Yun
606 0  @a咏史诗@y中国@j选集
606 0  @a咏史诗
690    @aI222.72@v4
701  0 @a江上渔者@AJiang Shang Yu Zhe@4著
801  0 @aCN@bTSTCL@c20120328
905    @b0811410-14@dI222.72@e530@f5
    
    自将磨洗认前朝:古典诗词中的历史风云/江上渔者著.-长春:吉林出版集团有限责任公司,2010.6
    263页:画像;24cm
    
    
    ISBN 978-7-5463-3027-3:CNY29.80
    本书选取历代咏史诗,将一幕幕尘封的历史往事加以打捞、梳理,用现代人的视角、现代人的语言,以诗说史,以史证诗。本书共分为六辑:圣主与昏君;文臣众生相;名将恨不阵前亡;义士的千古悲歌;远去的鼓角争鸣;凋零的红颜。
●
相关链接 在E读中查询图书 在五车中查询图书 在当当中查询图书 在豆瓣中查询图书


正题名:自将磨洗认前朝     索取号:I222.72/530         预约/预借

序号 登录号 条形码 馆藏地/架位号 状态 备注
1 0811410   208114100   第一样本阅览室/ [索取号:I222.72/530] 在馆    
2 0811411   208114119   第二借阅区/ [索取号:I222.72/530] 在馆    
3 0811412   208114128   第二借阅区/ [索取号:I222.72/530] 在馆    
4 0811413   208114137   第二借阅区/ [索取号:I222.72/530] 在馆    
5 0811414   208114146   第二借阅区/ [索取号:I222.72/530] 在馆    
唐山师范学院图书馆 欢迎您!
大连网信软件有限公司© 版权所有